000 00516 a2200205 4500
001 132590
020 _a85-08-02804-0
040 _cLeonardo Da Vinci
041 _aPortuguês
082 _aJ D947m
_bD947m
100 _aDUPRÉ, Maria José
245 _aA montanha encantada
250 _a27.ed
260 _bÁtica
_c1999
_aSão Paulo
300 _a111
362 _a19990000
490 _aCachorrinho samba
697 _aLiteratura juvenil
_aLiteratura infanto-juvenil
_aAventura
_aMistério
942 _cBK
999 _c132590
_d132590